LEADER 01018nam0 2200289 450 001 9910588899603321 005 20221117085954.0 010 $a3805518420 :$d120.00F ($48.50 U.S.) 035 $9(DLC) 75314220 100 $a20220908d1975----km y0itay50 ba 101 0 $aeng 200 1 $aAging gametes$etheir biology and pathology : proceedings of the International Symposium on Aging Gametes, Seattle, Wash., June 13-16, 1973 /$feditor, R. J. Blandau 210 $aBasel ;$aNew York$cS. Karger$dc1975 215 $ax, 415 p.$cill. ;$d25 cm 320 $aIncludes bibliographies and indexes. 610 0 $aCellule germinali$xCongresses 610 0 $aAging$xCongresses 676 $a571.845$v22$zita 701 1$aBlandau,$bRichard J$01231185 801 0$aIT$bUNINA$gRICA$2UNIMARC 901 $aBK 912 $a9910588899603321 952 $aCISME-571.845-BLA-1$b601$fSC1 959 $aSC1 991 $bc-GenColl$hQL964$i.I57 1973$p00015080334$tCopy 1$wBOOKS 996 $aAging gametes$92907839 997 $aUNINA LEADER 01701nas 2200385 n 450 001 990008897310403321 005 20240229084549.0 011 $a0304-0585 035 $a000889731 035 $aFED01000889731 035 $a(Aleph)000889731FED01 035 $a000889731 091 $2CNR$aP 00059041 100 $a20090724b19701991km-y0itaa50------ba 101 0 $aita 102 $aIT 110 $aauu-------- 200 1 $aAnnali dell'Istituto Sperimentale per la Patologia Vegetale 207 1$a1970-1991 210 $aRoma$c[s.n.] 430 0$1001000892341$12001$aBollettino della Stazione di patologia vegetale 530 0 $aAnnali dell'Istituto Sperimentale per la Patologia Vegetale 675 $a581.2 676 $a632 712 02$aIstituto sperimentale per la patologia vegetale 801 0$aIT$bACNP$c20090723 859 4 $uhttp://acnp.cib.unibo.it/cgi-ser/start/it/cnr/dc-p1.tcl?catno=40344&person=false&language=ITALIANO&libr=&libr_th=unina1$zBiblioteche che possiedono il periodico 901 $aSE 912 $a990008897310403321 958 $aBiblioteca Centralizzata. Facoltą di Agraria dell'Universitą Federico II di Napoli$b1980-1991.$fFAGBC 959 $aFAGBC 996 $aAnnali dell'Istituto Sperimentale per la Patologia Vegetale$9801273 997 $aUNINA AP1 8 $6866-01$aNA087 Biblioteca Centralizzata. Facoltą di Agraria dell'Universitą Federico II di Napoli$ev. Universitą, 100 Palazzo Reale, 80055 Portici (NA)$m081-2539322$m081-7760229$nit AP2 40$aacnp.cib.unibo.it$nACNP Italian Union Catalogue of Serials$uhttp://acnp.cib.unibo.it/cgi-ser/start/it/cnr/df-p.tcl?catno=40344&language=ITALIANO&libr=&person=&B=1&libr_th=unina&proposto=NO LEADER 01509nam 2200421 450 001 9910810699103321 010 $a3-8382-6045-7 035 $a(CKB)4100000008340335 035 $a(MiAaPQ)EBC5782636 035 $a(EXLCZ)994100000008340335 100 $a20190611d2012 uy 0 101 0 $ager 135 $aurcnu|||||||| 181 $ctxt$2rdacontent 182 $cc$2rdamedia 183 $acr$2rdacarrier 200 10$aEuropa und die Frage nach seinen Grenzen im Osten $ezur Konstruktion 'europa?ischer Identita?t' in Geschichte und Gegenwart /$fMarcel Vie?tor ; mit einem Vorwort von Albrecht Lehmann 210 1$aStuttgart :$cIbidem-Verlag,$d[2012] 210 4$d©2012 215 $a1 online resource (152 pages) $cillustrations 225 1 $aSoviet and post-Soviet politics and society ;$vVolume 93 320 $aIncludes bibliographical references. 410 0$aSoviet and post-Soviet politics and society ;$vVolume 93. 606 $aNational characteristics, European 607 $aEurope, Eastern$xBoundaries 607 $aEurope$xBoundaries 607 $aEurope, Eastern$xPolitics and government$y1989- 615 0$aNational characteristics, European. 676 $a940.09717 700 $aVie?tor$b Marcel$f1980-$01702676 702 $aLehmann$b Albrecht 801 0$bMiAaPQ 801 1$bMiAaPQ 801 2$bMiAaPQ 906 $aBOOK 912 $a9910810699103321 996 $aEuropa und die Frage nach seinen Grenzen im Osten$94087383 997 $aUNINA